• 首页
  • 本馆介绍
  • 公告通知
  • 最新文献
  • 馆藏检索
  • 电子资源
  • 读者导购
  • 参考咨询
  • 我的图书馆
  • 登录
  • 详细信息显示
  • 放入我的书架
  • 预约/预借图书
  • 作者相关作品
  • 分类相关作品
  • 丛书相关作品
  • 出版社相关作品

书目信息

  • 表格格式
  • 工作单格式
  • 卡片格式
题名:
卧底经济学
    
 
作者: (英)蒂姆·哈福德 编著 ;赵恒 译
分册:  
出版信息: 北京   中信出版社  2006
页数: 211页
开本: 26cm
丛书名:
单 册:
中图分类: F0-49
科图分类:
主题词: 经济学--通俗读物
电子资源:
ISBN: 7-5086-0675-2
000 00992nam0 2200241 450
001 000045
005 20061220094249.45
010    @a7-5086-0675-2@dCNY29.80
100    @a20060829d2006 kemy0chiy0121 ea
101 0  @achi@ceng
102    @aCN@b110000
105    @ay z 000yy
200 1  @a卧底经济学@AWo Di Jing Ji Xue@f(英)蒂姆·哈福德编著@F( Ying ) Di Mu· Ha Fu De Bian Zhu@g赵恒译@Gzhao heng yi
210    @a北京@c中信出版社@d2006
215    @a211页@d26cm
300    @a经管类读者,政府官员,大学生
330    @a本书就是要帮助你像一位经济学家那样看世界。作者不会告诉你有关汇率或商业周期的专业问题,但会帮你解开日常生活之谜,教给你如何运用经济学家的各种调查工具。作者揭示出:日常生活不过是谈判中的复杂博弈、体力的角逐和智力的较量。希望看完本书之后,你能成为一位更精明
606 0  @a经济学@x通俗读物
690    @aF0-49@v4
701  0 @a(英)蒂姆·哈福德@A( Ying ) Di Mu· Ha Fu De@4编著
702  0 @a赵恒@Azhao heng@4译
801  0 @aCN@b中图数据@c20061220
905    @a10447@dF0-49@e261
    
    卧底经济学/(英)蒂姆·哈福德编著/赵恒译.-北京:中信出版社,2006
    211页;26cm
    经管类读者,政府官员,大学生
    
    ISBN 7-5086-0675-2:CNY29.80
    本书就是要帮助你像一位经济学家那样看世界。作者不会告诉你有关汇率或商业周期的专业问题,但会帮你解开日常生活之谜,教给你如何运用经济学家的各种调查工具。作者揭示出:日常生活不过是谈判中的复杂博弈、体力的角逐和智力的较量。希望看完本书之后,你能成为一位更精明
●
相关链接 在E读中查询图书 在五车中查询图书 在当当中查询图书 在豆瓣中查询图书


正题名:卧底经济学     索取号:F0-49/261         预约/预借

序号 登录号 条形码 馆藏地/架位号 状态 备注
1 0613825   206138259   第一样本阅览室/ [索取号:F0-49/261] 在馆    
2 0613826   206138268   第一借阅区/ [索取号:F0-49/261] 在馆    
3 0613827   206138277   第一借阅区/ [索取号:F0-49/261] 在馆    
4 0613828   206138286   第一借阅区/ [索取号:F0-49/261] 在馆    
5 0613829   206138295   第一借阅区/ [索取号:F0-49/261] 在馆    
6 0613830   206138302   第一借阅区/ [索取号:F0-49/261] 在馆    
唐山师范学院图书馆 欢迎您!
大连网信软件有限公司© 版权所有